| 000 | 00635nam a22002057a 4500 | ||
|---|---|---|---|
| 999 |
_c11931 _d11931 |
||
| 003 | AR-CdUCM | ||
| 008 | 190405b ||||| |||| 00| 0 spa d | ||
| 040 |
_aMUNICIPALIDAD PROVINCIAL DEL CUSCO _cBIBLIOTECA MUNICIPAL DEL CUSCO |
||
| 082 |
_a617.7 / _bCH31 / 1938 |
||
| 100 |
_aChaves Velando, L. A. _926838 |
||
| 245 | _aSíndrome astigmatismo / | ||
| 260 |
_aLima : _c1938. |
||
| 300 |
_a800 páginas ; _c25 cm. |
||
| 505 | _aContenido: Patología de trastornos. | ||
| 650 |
_aPatologías _929549 |
||
| 650 |
_aEnfermedad de los ojos _929550 |
||
| 650 |
_aTratamientos de los ojos _929551 |
||
| 942 |
_2ddc _cLIBROS |
||
| 945 | _adavv | ||